Nejstarší sakrální architektura Pražského Hradu. - Praha : Naklad. Peres. - 2000 [Rezension]

Titel: Nejstarší sakrální architektura Pražského Hradu. - Praha : Naklad. Peres. - 2000 [Rezension]
Verfasser:
In: Archeologické rozhledy, Band 53 (2001), Seite 164-168
alle Artikel anzeigen
Veröffentlicht: 2001
Format: Aufsatz
Sprache: Keine Angabe
Kein Bild verfügbar
X
alg: 39516405
001A    $01999:12-11-16 
001B    $01999:09-08-21 $t17:41:39.000 
001D    $01999:12-11-16 
001U    $0utf8 
001X    $00 
002@    $0Aox 
003@    $0395164052 
007A    $0395164052 $aHEB 
007T    $0Herdp26875 
010@    $axxx 
011@    $a2001 
021A    $aNejstarší sakrální architektura Pražského Hradu. - Praha : Naklad. Peres. -  2000 [Rezension] 
028A    $#Merhautová Livorová, Anežka $#Merhautová-Livorová, Anežka $#Livorová, Anežka Merhautová $7123117089 $8Merhautová, Anežka$Z1919-2015 [Tp1] $9099808358 
031A    $d53 $h164-168 $j2001 
039B    $aIn $8--Abvc--. Archeologické rozhledy. - Praha, 1949-. - ISSN 0323-1267 $x200100000530000836 $9047286156 
039T    $8--Aau--. Nejstarší sakrální architektura Pražského Hradu. - Praha : Naklad. Peres, 2000. - 450 S.. - Ill., graph. Darst. $9110620186 
045F    $a900.94371 $eDDC23BSB 
045F/01 $a900 
045F/03 $g4371 
045T    $a6,14 $a6,11 $a6,12 

lok: 39516405 78

exp: 39516405 78 1 #EPN
201B/01 $026-11-17 $t04:02:31.000 
201U/01 $0utf8 
203@/01 $0791469689 
208@/01 $a12-11-16 $be 
209A/01 $a/ $f000 $x00 
220C/01 $aHerkunft: Hú Av Čr Praha 
244Z/01 $#Tschechien $#Tschechische Republik $#Tschechische Republik $#Tschechenland $#Tschechei Tschechien $#Česká Republika $#Czech Republic $#ČR $74303381-7 $8--Tg1--Tschechien $x01 $9086659812 
244Z/01 $2Trx $#Böhmen $#Bohemia $#Czechy $8--Trx--Čechy $x02 $9391188941 
244Z/01 $2Trx $#arvustused $#recenzijos $#Reviews $#recenziók $#recenzje $#recenzie $#recenze $8--Trx--Rezensionen $x03 $9391357441 
247C/01 $82080>Marburg/Lahn, Herder-Institut, Forschungsbibliothek, Bibliographieportal $9336309341
LEADER 00000caa a22000002c 4500
001 395164052
003 DE-603
005 20210809174139.0
007 tu
008 161112s2001 xx |||| | u00||u|xxx c
035 |a (DE-599)HEB395164052 
040 |a DE-603  |b ger  |c DE-603  |d DE-603 
041 |a xxx 
082 0 4 |8 1\u  |a 900.94371  |q DE-101  |2 23/BSB 
084 |a 6,14  |a 6,11  |a 6,12  |2 ssgn 
085 |8 1\u  |b 900 
085 |8 1\u  |z 2  |s 4371 
100 1 |a Merhautová, Anežka  |d 1919-2015  |0 (DE-603)099808358  |0 (DE-588)123117089  |2 gnd 
245 0 0 |a Nejstarší sakrální architektura Pražského Hradu. - Praha : Naklad. Peres. - 2000 [Rezension] 
264 0 |c 2001 
773 0 8 |i In  |t Archeologické rozhledy  |d Praha, 1949-  |x 0323-1267  |g Band 53 (2001), Seite 164-168  |w (DE-603)047286156  |w (DE-600)205634-3 
787 0 8 |i Rezension von  |t Nejstarší sakrální architektura Pražského Hradu  |d Praha : Naklad. Peres, 2000  |h 450 S., Ill., graph. Darst.  |w (DE-603)110620186 
924 0 |9 2080  |a (DE-603)791469689  |b DE-2080  |c HES  |d d  |g /